000 00621nam a22001697a 4500
005 20260218155615.0
008 260218b |||||||| |||| 00| 0 eng d
020 _a9789393875433
040 _cVITAP
082 _223rd Ed.
_a320.954 HIN
100 _aThe Hindu Group
_917122
245 _aState of Play : India’s Tryst with Federalism
_c/ The Hindu Group
260 _aChennai
_bTHG (The Hindu Group) Publishing Private Limited
_c2023
300 _a304p. : ill. ; 21cm
650 0 _aFederal government - India; Federalism - India; Constitutional law - India; Public administration - India
_917123
942 _2ddc
_cREF
999 _c47293
_d47293